000
00238nam a22000857a 4500
008
161122b xxu||||| |||| 00| 0 eng d
100
_9
1325
_a
Gahlot. P
245
_a
Oxford Computer Science CBSE - XI
260
_a
New york
_b
Oxford University
_c
2004
999
_c
4037
_d
4037